| 000 | 00593nam a22001817a 4500 | ||
|---|---|---|---|
| 005 | 20250324114829.0 | ||
| 008 | 250324b |||||||| |||| 00| 0 eng d | ||
| 020 | _a9781839102448 | ||
| 041 | _aEng. | ||
| 082 | _a 003.3 COO | ||
| 100 | _aCooper, James Wesley | ||
| 245 | _aComputer Simulations and Gaming | ||
| 260 |
_aCheltenham , UK _bEdward Elgar Publishing _c2022 |
||
| 300 | _a166;. P. 23 cm | ||
| 650 | _aBusiness Education--Computer simulation; Simulation Games in Education; Digital Computer Simulation | ||
| 700 | _aYoder, Michele E. And Watson,Stacey L. Watson | ||
| 942 | _cBK | ||
| 999 |
_c43353 _d43353 |
||